[Event "Kaspersky op U16"]
[Site "Tornelo INT"]
[Date "2021.04.02"]
[Round "4"]
[White "Dehtiarov, Roman"]
[Black "Dziarkach, Aliaksandr"]
[Result "1/2-1/2"]
[WhiteElo "1941"]
[BlackElo "1459"]
[PlyCount "120"]
[EventDate "2021.04.02"]
[EventType "swiss (blitz)"]
[EventRounds "11"]
[EventCountry "RUS"]
[SourceTitle "CBM 201 Extra"]
[Source "ChessBase"]
[SourceDate "2021.05.31"]
[SourceVersion "1"]
[SourceVersionDate "2021.05.31"]
[SourceQuality "1"]

1. e4 e6 2. d4 d5 3. Nc3 dxe4 4. Nxe4 Nd7 5. Nf3 Ngf6 6. Bg5 Be7 7. Nxf6+ Bxf6 8. Bxf6 Nxf6 9. Bd3 0-0 10. 0-0 b6 11. Qe2 Bb7 12. Rad1 Qe7 13. Ne5 c5 14. dxc5 Qxc5 15. Rfe1 Rfd8 16. c3 Qc7 17. Ng4 Qf4 18. Nxf6+ Qxf6 19. Qh5 g6 20. Qh3 Qg5 21. Re3 Rd6 22. Rde1 Rad8 23. Bf1 Rd1 24. R3e2 Ba6 25. Re3 Bxf1 26. Kxf1 Qb5+ 27. Kg1 Qxb2 28. g4 Qd2 29. Qf1 Rxe1 30. Qxe1 Qxe1+ 31. Rxe1 Rd2 32. Ra1 Rc2 33. a4 Rxc3 34. a5 b5 35. a6 Rc6 36. Rb1 Rxa6 37. Rxb5 Ra4 38. h3 a5 39. Rb8+ Kg7 40. g5 Ra3 41. Kg2 a4 42. Ra8 Ra1 43. Ra7 a3 44. h4 a2 45. Kh2 h6 46. Kg2 hxg5 47. hxg5 Rb1 48. Rxa2 Rb5 49. f4 Rf5 50. Kg3 e5 51. fxe5 Rxg5+ 52. Kf4 Rh5 53. Ra7 Rh4+ 54. Kf3 Rb4 55. e6 Rb6 56. Rxf7+ Kg8 57. Re7 Kf8 58. Rf7+ Kg8 59. Rf6 Kg7 60. Rf7+ Kg8 1/2-1/2